Contemporary drug synthesis

The pharmaceutical industry is unquestionably vibrant today, with drug synthesis making a vital contribution. Whether in the early developmental stages of identifying and optimizing a lead, or the latter stages of process development and cost-effective scale-up, the ability to design elegant and eco...

Full description

Saved in:
Bibliographic Details
Format: Book
Language:Undetermined
Published: Hoboken, N.J Wiley-Interscience 2004
Subjects:
Tags: Add Tag
No Tags, Be the first to tag this record!
Institutions: Trung tâm Học liệu Trường Đại học Cần Thơ
LEADER 01057nam a2200217Ia 4500
001 CTU_172329
008 210402s9999 xx 000 0 und d
020 |c 3103320 
082 |a 615.31 
082 |b C761 
245 0 |a Contemporary drug synthesis 
245 0 |c Jie Jack Li ... [et al.]. 
260 |a Hoboken, N.J 
260 |b Wiley-Interscience 
260 |c 2004 
520 |a The pharmaceutical industry is unquestionably vibrant today, with drug synthesis making a vital contribution. Whether in the early developmental stages of identifying and optimizing a lead, or the latter stages of process development and cost-effective scale-up, the ability to design elegant and economical synthetic routes is often a major factor in the eventual viability and commercial success of a drug. 
526 |a Các phương pháp tổng hợp thuốc và kỹ thuật bào chế 
526 |b TN621 
650 |a Pharmaceutical chemistry,Hoá dược 
904 |i mai, Hải 
980 |a Trung tâm Học liệu Trường Đại học Cần Thơ